鹿島市?鹿嶋市?嘉島町? - Statistics

General Stats
  • This quiz has been taken 19 times
  • The average score is 7 of 15
Answer Stats
Hint Explanation Answer % Correct
面積は100㎢未満 嘉島町:16.65㎢
鹿島市:112.12㎢
鹿嶋市:106.04㎢
嘉島町
83%
私立中学校がある 清真学園中学校がある 鹿嶋市
72%
長者ヶ浜潮騒はまなす公園がある 鹿嶋市
72%
高校がない 嘉島町
67%
一つの路線の中で、電化・非電化が切り替わる駅がある 肥前浜駅 鹿島市
56%
かつて鉄道が通っていた 熊延鉄道(鯰駅、大島駅、六嘉駅)が1964年まで通っていた 嘉島町
56%
県庁所在地と接している 熊本市東区・南区と接している 嘉島町
56%
イオンモールがある イオンモール熊本がある 嘉島町
56%
主な河川は塩田川 鹿島市
50%
2桁国道が通っている 国道51号 鹿嶋市
44%
2015年〜2020年の間に人口は増加した。 嘉島町
33%
「かしま」駅がある 鹿島駅は福島県南相馬市、
加島駅は大阪府大阪市にある
該当なし
33%
平成の名水百選・ため池百選がある 浮島 嘉島町
28%
市(または町)の花はサクラ 鹿嶋市はハマナス
嘉島町はコスモス
鹿島市
22%
私立幼稚園がある 鹿島カトリック幼稚園、明朗幼稚園の2つ 鹿島市
17%
No matching quizzes found
Score Distribution
Percent of People with Each Score
Percentile by Number Answered
Your Score History
You have not taken this quiz